000
00197 a2200097 4500
020
_a
9788415893387
041
_a
spa
100
_a
Camila Lackberg
245
_a
La mirada de los Angeles
942
_c
K
999
_c
26297
_d
26297